000 00729cab a2200181 4500
001 L129882
008 050601n2005 000 0 eng u
035 _a(Sirsi) u129882
041 _aeng
245 _aServices
260 _c2005
490 _aBuilding
_v270(8382) 20 May 2005, 68-73(6)
520 _aSpecialist market focus on the service sector. Includes a market overview, the latest developments in the sector such as changes in the Building Regulations, cost information and key design considerations. Includes 20 key players from the mechanical, electrical and plumbing suppliers' directory.
590 _aIKA070605
690 _aBUILT ENVIRONMENT-BUILDING COSTS
690 _aBlock management
_96220
942 _n0
999 _c75319
_d75319